000 01326nam a2200325 i 4500
001 000022540
003 DO-SdBNP
005 20250925114613.0
007 ta
008 101013e1998 dr 000 0 spa d
040 _aDO-SdBNP
_bspa
_cBNPHU
_erda
041 _aspa
082 4 _a920.7293
_bL965h 1998
_222
100 1 _aLuperón, Gregorio,
_d1839-1897
_eautor
_4aut.
_9888
245 1 0 _aHombres de la restauración /
_cGregorio Luperón ; Cuidado de la edición, Tomás Castro Burdiez
250 _aTercera edición
264 1 _aSanto Domingo :
_bLibrería La Trinitaria,
_c1998
300 _a113 páginas ;
_c21 cm.
336 _atexto
_btxt
_2rdacontent
337 _asin mediación
_bn
_2rdamedia
338 _avolumen
_bnc
_2rdacarrier
490 1 _aCuadernos patrióticos ;
_v3
505 0 _aPresentación /
_rJuan Ventura--
_tIntroducción /
_rBenigno F. de Rojas /
_rUlises F. Espaillat /
_rPablo Pujol /
_rJulián Belisario Curiel /
_rPedro Francisco Bonó /
_rMáximo Grullón /
_rAlfredo Deetjen --
_tEpílogo --
_tBiografía /
_rRufino Martínez.
590 _aInventariado 2023 / MF
600 1 4 _aLuperón, Gregorio,
_d1839-1897
_9888
651 4 _aRepública Dominicana
_xBiografías
_91325
700 1 _aCastro, Tomás,
_d1959-
_eeditor
_4ed.
_924641
910 _aValidado. Control de Calidad/MAA
942 _2ddc
_cLBS1
999 _c22037
_d22037